1388 1088 1373 1712 1712 1763 1947 1007 1861 1282 1823 1096 1357 1185 1633 1002 1613 1218 1984 1885 1680 1877 1118 1141 1167 1819 1355 1369 1474 1521 1266 1128 1614 1865 1276 1293 1396 1583 1053 1494 1146 1211 1228 1214 1134 1809 1257 1278 1283 1469 1892 1515 1931 1803 1821 1205 1610 1468 1997 1541 1417 1530 1286 1546 1952 1128 1777 1131 1740 1691 1231 1527 1312 1680 1678 1438 1570 1769 1777 1426 1329 1571 1196 1812 1636 1497 1399 1710 1018 1019 1611 1791 1426 1037 1874 1930 1017 1307 1203 BCNSPRNW ULIB Ver.6.0+V

เปลี่ยนเป็นภาษาไทย

Change to English
 แสดงรายละเอียดบรรณานุกรม
  กลับหน้าหลัก

Brief Record : Get Marc (ISO 2709) : E-mail record : QR code < ปิดหน้าต่าง
LEADER : 00000nam 2200000uu 4500
001    13399109851
003     ULIB
008    110412s2551||||th 000 0 tha d
020    9789749751367
060 04 WC536^bล144ว 2551
100 0  ลลิตา ธีระสิริ
245 10 ไวรัสตับอักเสบ :^bบำบัดได้ด้วยวิธีธรรมชาติ /^cลลิตาธีระสิริ, คณิน ไตรพิพิธสิริวัฒน์
250    พิมพ์ครั้งที่ 1
260    กรุงเทพฯ :^bรวมทรรศน์,^c2551
300    175 หน้า :^bภาพประกอบ ;^c21 ซม. +^eซีดีรอม 1 แผ่น
504    บรรณานุกรม
650  7 ตับอักเสบ, ไวรัส^xการรักษา
700 0  คณิน ไตรพิพิธสิริวัฒน์
945    ^p225^l0^i024516
945    ^p225^l0^i024515
995    ทศพร
999 ^a ใช้งานได้ทุกระบบ
รายการนี้ยังไม่มีแท็ก
คุณยังไม่ได้ล็อกอิน คุณสามารถมีกิจกรรมร่วมกับเว็บไซต์ได้ แต่ต้องล็อกอินก่อน ::
  ล็อกอิน

รายการสื่อสารสนเทศ

ลำดับที่ ประเภท เลขเรียก/บาร์โค้ด สถานที่ สถานะ
- ไม่พบข้อมูล -

รายการใกล้เคียง
    ผู้แต่ง [ลลิตา ธีระสิริ]

BibComment


ยังไม่เคยถูกคอมเมนท์

คอมเมนท์ทรัพยากรรายการนี้
  คอมเมนท์: ไวรัสตับอักเสบ บ..


 Copyright 2026. Bcnsprnw @Library